000 00412nam a22001697a 4500
003 MACL
005 20160717132501.0
008 160717b xxu||||| |||| 00| 0 eng d
040 _cMACL
041 _aEnglish
082 _a004 GOY
100 _aGoyal, Mini
_964597
245 _aComputer Awareness
_cMini Goyal
260 _aMeerut
_bArihant Publications
650 _aComputer
_964598
942 _2ddc
_cBK
999 _c54355
_d54355